Vícerozměrné statistické metody [3]

Salvato in:
Dettagli Bibliografici
Autore principale: Hebák, Petr
Altri autori: Hustopecký, Jiří, Pecáková, Iva, Průša, Milan, Řezanková, Hana, Vlach, Petr, Svobodová, Alžběta
Natura: Libro
Lingua:ceco
Pubblicazione: Praha Informatorium 2005
Soggetti:
Tags: Aggiungi Tag
Nessun Tag, puoi essere il primo ad aggiungerne!!

MARC

LEADER 00000nam$a2200000$$$4500
001 0043670
005 20240313133634.0
020 |a 80-7333-039-3 
041 0 |a cze 
044 |a CZ 
245 1 0 |a Vícerozměrné statistické metody [3]  |c Petr Hebák ... [et al.] 
264 1 |a Praha  |b Informatorium  |c 2005 
300 |a 255 s. 
610 2 0 |a metódy štatistické 
610 2 0 |a modely 
610 2 0 |a regresia 
610 2 0 |a analýza faktorová 
610 2 0 |a korelácia 
610 2 0 |a analýza zhluková 
610 2 0 |a škálovanie 
610 2 0 |a analýzy 
610 2 0 |a dáta 
610 2 0 |a metódy 
610 2 0 |a grafy 
100 1 |a Hebák, Petr 
700 1 |a Hustopecký, Jiří 
700 1 |a Pecáková, Iva 
700 1 |a Průša, Milan 
700 1 |a Řezanková, Hana 
700 1 |a Vlach, Petr 
700 1 |a Svobodová, Alžběta